00444nam a2200181Ia 4500003000400000005001700004008004100021020002200062040000700084041000800091082001600099100001100115245006100126260002900187300001200216365001300228650002100241OSt20260107131523.0210719s2020 xx 000 0 und d a978-1-071-60442-7 cAL aeng a004.36 OHRR aOhri A aR for cloud computingb: an approach for data scientists aNew YorkbSpringerc2020 a267bHB b1995cRs aComputer Science